000 01308nam a2200265 a 4500
003 DO-SdBNP
005 20230203115903.0
007 ta
008 220914e2003 dr a|||gr||||o001 0 spa d
040 _aDO-SdBNP
_bspa
_cBNPHU
082 2 _222
_bR426a
245 1 0 _aApuntes para la historia del Ejército Nacional. /
_cEditor Sócrates Suazo
260 _aSanto Domingo :
_bJefatura del Estado Mayor del Ejército Nacional,
_c2003.
300 _a16 p. :
_bil. ;
_c24 cm.
500 _aPortada: Mural del maestro Ramón Oviedo.
500 _a10 de marzo 1844, día del Ejército Nacional.
505 0 _a10 de marzo: día del Ejército Nacional
_tI. ¿Qué es un ejército?..
_tII. Antecedentes del Ejército Nacional.--
_tIII. Independencia Efímera.--
_tIV. Ocupación haitiana.--
_tV. Proclamación de la Independencia Nacional.--
_tVI. La formación del Ejército como cuerpo institucional.
_tVII. Guerra de Independencia: Las cuatro campaña militares.
590 _aInventariado 2022 / MF
650 4 _945892
_aEjércitos
_xHistoria
_zRepública Dominicana
651 4 _934468
_aRepública Dominicana
_xEjército Nacional
_xHistoria
700 1 _910239
_aSuazo, Sócrates,
_eed.
710 2 _954540
_aRepública Dominicana.
_bSecretaría de Estado de las Fuerzas Armadas.
910 _aMFeliz
942 _2ddc
_cLF2
999 _c52394
_d52394